000 00500nam a22001697a 4500
003 NUST - PNEC
005 20170116181154.0
008 160108b xxu||||| |||| 00| 0 eng d
020 _a-
040 _cLIBRARY
082 _a954.915 MAS
100 _915772
_aMasood Bukhari
245 _aBaloch quomi tahreek: In Afghanistan's shadow Baloch nationalism and Soviet temptations
_cMasood Bukhari
260 _aQuetta:
650 _915775
_aNationalism, History of Baloch
_xGeneral
942 _2ddc
_cBK
999 _c71128
_d71128